LDR 00770naa#a2200193#i#450# 001 EN\\bibl\126367 005 20260705174706.7 011 ## _a2949-1258 100 ## _a20260622b2026####ek#y0engy0150####ca 102 ## _aRU 200 1# _aDevelopment of digital competencies of beginning teachers at a technical university in the context of digital transformation of higher education _eJournal article 210 1# _aVladivostok _cVladivostok State University _d2026 215 ## _a9 с. 608 ## _aJournal article _2local 675 ## _aНародное образование. Воспитание. Обучение. Организация досуга. 37 _z 700 #1 _aSidorova _gSvetlana N. 700 #1 _aVoronov _gRoman E. 700 #1 _aDaria A. Voronova _gDaria A. 856 4# _avvgu.editorum.ru _u